Landovel. Kniha druhá, Strážce tajemství /
Pokračování fantasy trilogie sleduje Derryho a jeho přátele na nebezpečné výpravě do Šarlatového města.
Uloženo v:
| Série: | Landovel,
část 2 |
|---|---|
| Hlavní autor: | |
| Další autoři: | |
| Médium: | E-kniha |
| Jazyk: | Czech |
| Vydáno: |
V Praze :
Fragment,
2025
|
| Vydání: | 1. vydání |
| Témata: | |
| Příbuzné jednotky: | Z cyklu::
Landovel |
| Tagy: |
Žádné tagy |
| LEADER | 02698nam a2200541 i 4500 | ||
|---|---|---|---|
| 001 | 312864 | ||
| 003 | CZ PrSKC | ||
| 005 | 20260601215730.0 | ||
| 007 | ta | ||
| 008 | 251105s2025 xr c 000 f cze | ||
| 015 | |a cnb003719139 | ||
| 020 | |a 9788025375822 |q (vázáno) : |c Kč 399,00 | ||
| 035 | |a (OCoLC)1572322380 | ||
| 040 | |a ABG001 |b cze |e rda | ||
| 041 | 1 | |a cze |h eng | |
| 072 | 7 | |a 821.111-3 |x Anglická próza, anglicky psaná |2 Konspekt | |
| 072 | 7 | |a 821-93 |x Literatura pro děti a mládež (beletrie) |2 Konspekt | |
| 080 | |a 821.111(94)-31 |2 MRF | ||
| 080 | |a 821-93 |2 MRF | ||
| 080 | |a (0:82-312.9) |2 MRF | ||
| 100 | 1 | |a Rodda, Emily, |d 1948- |7 jo2004213847 |4 aut | |
| 240 | 1 | 0 | |a Secret keeper. |l Česky |
| 245 | 1 | 0 | |a Landovel. |n Kniha druhá, |p Strážce tajemství / |c Emily Rodda ; přeložil Jan Kozák |
| 246 | 3 | 0 | |a Strážce tajemství |
| 250 | |a 1. vydání | ||
| 264 | 1 | |a V Praze : |b Fragment, |c 2025 | |
| 300 | |a 250 stran ; |c 21 cm | ||
| 336 | |a text |b txt |2 rdacontent | ||
| 337 | |a bez média |b n |2 rdamedia | ||
| 338 | |a svazek |b nc |2 rdacarrier | ||
| 500 | |a Přeloženo z angličtiny | ||
| 520 | 2 | |a Pokračování fantasy trilogie sleduje Derryho a jeho přátele na nebezpečné výpravě do Šarlatového města. |b Derry a jeho společníci Sláma, Kocour a Num se vydávají na cestu do nepřátelského Pravého Landovelu. Během jejich dobrodružství jim pomohou tajní spojenci, ale špehové a vojáci krále Grevilla zdaleka nepředstavují jediné nebezpečí. Společníci se musí nějak dostat do Šarlatového města plného strachu a navázat kontakt s nepolapitelným hrdinou Hantem. Pouze on může zastavit hrozící válku a zkázu. Nakladatelská anotace. Kráceno. | |
| 521 | 8 | |a Pro čtenáře od 10 let | |
| 546 | |a Český text | ||
| 655 | 7 | |a australské romány |7 fd131842 |2 czenas | |
| 655 | 7 | |a fantasy romány |7 fd184199 |2 czenas | |
| 655 | 7 | |a publikace pro děti |7 fd133156 |2 czenas | |
| 655 | 9 | |a Australian fiction |2 eczenas | |
| 655 | 9 | |a fantasy novels |2 eczenas | |
| 655 | 9 | |a children's literature |2 eczenas | |
| 700 | 1 | |a Kozák, Jan, |d 1970- |7 mzk2003187830 |4 trl | |
| 787 | 0 | 8 | |i Z cyklu: |t Landovel |g 2 |
| 900 | |a ABA001 |b 20 | ||
| 928 | 9 | |a Albatros Media - Fragment | |
| 044 | |a xr | ||
| 910 | |a RBIT002 | ||
| 998 | |d 423693 |a https://core.palmknihy.cz/api/books/423693/cover?t5dvku |b https://core.palmknihy.cz/api/books/423693/cover/400?t5dvku |c https://core.palmknihy.cz/api/books/423693/cover/50?t5dvku |e 2031-03-20 |g 256 |i 9788025375822 |j https://core.palmknihy.cz/api/books/423693/preview.epub |k https://core.palmknihy.cz/api/books/423693/preview.pdf |l |q 49 |r 1 |s https://www.palmknihy.cz/kniha/423693 |t ebook |y 2025 |z 0 |v Landovel |w 2 | ||
| 999 | |d 312862 | ||